| 000 | 00846nam a2200253 i 4500 | ||
|---|---|---|---|
| 001 | bg | ||
| 100 | 1 | _aJabłoński, Jan. | |
| 245 | 1 | 0 |
_aZarządzanie środowiskowe jako warunek ekologizacji przedsiębiorstwa : _bpróba modelu teoretycznego / _cJan Jabłoński. |
| 260 |
_aPoznań : _bWydaw. PP, _c2001. |
||
| 300 |
_a238, [4] s. ; _c24 cm. |
||
| 490 | 1 |
_aRozprawy / Politechnika Poznańska, _x0551-6528 ; _vnr 366 |
|
| 500 | _aStreszcz. ang. | ||
| 504 | _aBibliogr. | ||
| 650 | 9 |
_aOchrona środowiska _xzarządzanie _xteoria |
|
| 650 | 9 |
_aPrzedsiębiorstwo a ochrona środowiska _xteoria |
|
| 830 | 0 |
_aRozprawy (Politechnika Poznańska) ; _vnr 366 |
|
| 020 | _a8371434111 | ||
| 040 | _cBPK | ||
| 041 | 0 |
_apl _ben |
|
| 080 | _a658.1/.5.012:504.03 | ||
| 920 | _a83-7143-411-1 | ||
| 942 | _cKS | ||
| 008 | s pl f |000 0 pol | ||
| 999 |
_c40915 _d40915 |
||
| 856 |
_uhttp://koha.tu.koszalin.pl/cgi-bin/koha/opac-detail.pl?biblionumber=40915 _yKatalog online BPK |
||